000 00580nam a2200193Ia 4500
005 20260601193259.0
008 260601s9999||||xx |||||||||||||| ||und||
020 _a978-3-031-71704-8
_qebk
100 _aLucio Tommaso De Paolis
245 0 _aExtended Reality
250 _a2024
260 _aHeidelberg, Germany
_bSpringer Nature
_c2024
440 _aLecture Notes in Computer Science
650 _aComputer Science
700 _aMarco Sacco
700 _aPasquale Arpaia
856 _uhttps://link.springer.com/openurl?genre=book&isbn=978-3-031-71704-8
942 _cEB
_2ddc
999 _c56970
_d56970